Score 0/20 Timer 04:00
0 Plays Today
% Correct
Starsky & Hutch
83.3%
Miami Vice
83%
Walker, Texas Ranger
81.5%
CSI: Miami
79.1%
Columbo
77.6%
CHiPs
76.4%
Law & Order
74.1%
NYPD Blue
73%
Kojak
71.4%
21 Jump Street
69.8%
% Correct
Cagney & Lacey
66.4%
Hawaii Five-O
61.2%
Dragnet
60%
Hill Street Blues
51.6%
T.J. Hooker
48.2%
Brooklyn Nine-Nine
44.4%
Cold Case
42.1%
The Shield
40.9%
The Wire
28.4%
Southland
20.6%
Remove Ads.
Support Sporcle.
Get the best of Sporcle when you Go Orange. This ad-free experience offers more features, more stats, and more fun while also helping to support Sporcle. Thank you for becoming a member.

You're not logged in!

Compare scores with friends on all Sporcle quizzes.
OR
Log In

Show Comments

Extras

Top Quizzes Today


Score Distribution

Your Account Isn't Verified!

In order to create a playlist on Sporcle, you need to verify the email address you used during registration. Go to your Sporcle Settings to finish the process.

Report this User

Report this user for behavior that violates our Community Guidelines.

Details: